The portable Matthew Arnold / (Record no. 77324)
[ view plain ]
| 000 -LEADER | |
|---|---|
| fixed length control field | 01376nam a22004451 4500 |
| 001 - CONTROL NUMBER | |
| control field | 77324 |
| 003 - CONTROL NUMBER IDENTIFIER | |
| rucl marc code | BD-RjUL |
| 005 - DATE AND TIME OF LATEST TRANSACTION | |
| control field | 20211209082947.0 |
| 008 - FIXED-LENGTH DATA ELEMENTS--GENERAL INFORMATION | |
| fixed length control field | 721219s1949 nyu b 000 0 eng |
| 035 ## - SYSTEM CONTROL NUMBER | |
| System control number | MITb10220059 |
| System control number | (BD-RjUL)00717919 |
| System control number | GLIS00220059 |
| 040 ## - CATALOGING SOURCE | |
| Original cataloging agency | DLC |
| Transcribing agency | DLC |
| Modifying agency | m.c. |
| -- | MYG |
| Language of cataloging | eng |
| 041 ## - LANGUAGE CODE | |
| Language code of text/sound track or separate title | eng |
| 049 ## - LOCAL HOLDINGS (OCLC) | |
| Holding library | MYGG |
| 082 ## - DEWEY DECIMAL CLASSIFICATION NUMBER | |
| Classification number | 821.8 |
| Author mark and year | ARP 1959 |
| 090 ## - LOCALLY ASSIGNED LC-TYPE CALL NUMBER (OCLC); LOCAL CALL NUMBER (OCLC) | |
| Classification number (OCLC) (R) ; Classification number, CALL (RLIN) (NR) | PR4020.A5 |
| Local cutter number (OCLC) ; Book number/undivided call number, CALL (RLIN) | T829 |
| 099 ## - LOCAL FREE-TEXT CALL NUMBER (OCLC) | |
| Bangla Class number | PR4020.A5.T829 |
| 100 1# - MAIN ENTRY--PERSONAL NAME | |
| Personal name | Arnold, Matthew, |
| Dates associated with a name | 1822-1888. |
| 9 (RLIN) | 240881 |
| 245 14 - TITLE STATEMENT | |
| Title | The portable Matthew Arnold / |
| Statement of responsibility, etc. | edited and with an introd. by Lionel Trilling. |
| 260 ## - PUBLICATION, DISTRIBUTION, ETC. (IMPRINT) | |
| Place of publication, distribution, etc. | New York, |
| Name of publisher, distributor, etc. | Viking Press, |
| Date of publication, distribution, etc. | 1949. |
| 300 ## - PHYSICAL DESCRIPTION | |
| Pagination | viii, 659 p. ; |
| Size | 17 cm. |
| 336 ## - CONTENT TYPE | |
| Content type term | text |
| Content type code | txt |
| Source | rdacontent |
| 337 ## - MEDIA TYPE | |
| Media type term | unmediated |
| Media type code | n |
| Source | rdamedia |
| 338 ## - CARRIER TYPE | |
| Carrier type term | volume |
| Carrier type code | nc |
| Source | rdacarrier |
| 490 1# - SERIES STATEMENT | |
| Series statement | Viking portable library ; |
| Volume/sequential designation | 45 |
| 504 ## - BIBLIOGRAPHY, ETC. NOTE | |
| Bibliography, etc | "A note on bibliography": p. 34-36. |
| 650 ## - SUBJECT ADDED ENTRY--TOPICAL TERM | |
| Topical term or geographic name as entry element | poetry |
| 9 (RLIN) | 240882 |
| 700 1# - ADDED ENTRY--PERSONAL NAME | |
| Personal name | Trilling, Lionel, |
| Dates associated with a name | 1905-1975. |
| 830 #0 - SERIES ADDED ENTRY--UNIFORM TITLE | |
| Uniform title | Viking portable library ; |
| Volume number/sequential designation | 45. |
| 910 ## - USER-OPTION DATA (OCLC) | |
| User-option data | 152782!]kbh850730 |
| User-option data | 152782!]kbh850730 |
| User-option data | MARCIVEAUT |
| 942 ## - ADDED ENTRY ELEMENTS (KOHA) | |
| Source of classification or shelving scheme | Dewey Decimal Classification |
| Koha item type | Books |
| Lost status | Source of classification or shelving scheme | Damaged status | Not for loan | Collection code | Permanent Location | Current Location | Shelving location | Date acquired | Source of acquisition | Cost, normal purchase price | Total Checkouts | Full call number | Date last seen | Copy number | Koha item type |
|---|---|---|---|---|---|---|---|---|---|---|---|---|---|---|---|
| Dewey Decimal Classification | Non-fiction | Central Library, University of Rajshahi | Central Library, University of Rajshahi | 27/08/1964 | mohiuddin & sons, Dhaka | 10.75 | 821.8 ARP 1959 | 14/03/2020 | C-2 | Books |